INDUSTRY RESEARCH USING THE ECONOMIC CEN (Record no. 20640)
[ view plain ]
| 000 -LEADER | |
|---|---|
| fixed length control field | 00360nam a2200133Ia 4500 |
| 008 - FIXED-LENGTH DATA ELEMENTS--GENERAL INFORMATION | |
| fixed length control field | 240624s9999 xx 000 0 und d |
| 041 ## - LANGUAGE CODE | |
| Language code of text/sound track or separate title | eng |
| 082 ## - DEWEY DECIMAL CLASSIFICATION NUMBER | |
| Classification number | 338.0973 BOE |
| 100 ## - MAIN ENTRY--PERSONAL NAME | |
| Personal name | BOETTCHER JENNIFER C |
| 245 ## - TITLE STATEMENT | |
| Title | INDUSTRY RESEARCH USING THE ECONOMIC CEN |
| 260 ## - PUBLICATION, DISTRIBUTION, ETC. | |
| Date of publication, distribution, etc. | 2004 |
| Place of publication, distribution, etc. | London |
| Name of publisher, distributor, etc. | Greenwood Press |
| 300 ## - PHYSICAL DESCRIPTION | |
| Extent | xv, : 305 : p. : cm. ; 28 |
| 365 ## - TRADE PRICE | |
| Currency code | |
| Price amount | 26 |
| Withdrawn status | Lost status | Damaged status | Not for loan | Home library | Current library | Shelving location | Date acquired | Source of acquisition | Cost, normal purchase price | Full call number | Barcode | Date last seen | Copy number | Price effective from | Koha item type |
|---|---|---|---|---|---|---|---|---|---|---|---|---|---|---|---|
| IMTN | IMTN | Rack 11-B | 12/13/2012 | TB | 95.00 | 338.0973 BOE | 20640 | 06/24/2024 | 57.5 | 06/24/2024 | Books |